Catálogo
 En Linea

De la Tierra al Sol : (Registro nro. 43380)

Detalles MARC
000 -CABECERA
campo de control de longitud fija 00535nam a2200157 a 4500
001 - NÚMERO DE CONTROL
campo de control 000043891
005 - FECHA Y HORA DE LA ÚLTIMA TRANSACCIÓN
campo de control 20201002045030.0
008 - DATOS DE LONGITUD FIJA--INFORMACIÓN GENERAL
campo de control de longitud fija 140508s2011 sp abcf 000 0 spa d
020 ## - NÚMERO INTERNACIONAL ESTÁNDAR DEL LIBRO
Número Internacional Estándar del Libro 9788489895249
040 ## - FUENTE DE LA CATALOGACIÓN
Centro catalogador/agencia de origen DO-SdBNP
Lengua de catalogación spa
Centro/agencia transcriptor BNPHU
100 1# - ENTRADA PRINCIPAL--NOMBRE DE PERSONA
Nombre de persona Amores Carredano, Fernando
9 (RLIN) 71786
245 10 - MENCIÓN DE TÍTULO
Título De la Tierra al Sol :
Resto del título historia de los paisajes del Guadiamar /
Mención de responsabilidad, etc. Fernando Amores Carredano.
260 ## - PUBLICACIÓN, DISTRIBUCIÓN, ETC.
Lugar de publicación, distribución, etc. Sevilla, :
Nombre del editor, distribuidor, etc. Fpcus Abengoa,
Fecha de publicación, distribución, etc. 2011.
300 ## - DESCRIPCIÓN FÍSICA
Extensión 293 p. :
Otras características físicas il., mapa, retrs., lam. ;
Dimensiones 31 cm.
504 ## - NOTA DE BIBLIOGRAFÍA, ETC.
Nota de bibliografía, etc. Bibliografía p: 286-293
Existencias
Estado de retiro Estado de pérdida Restricciones de uso No para préstamo Código de colección Localización permanente Ubicación/localización actual Ubicación en estantería Fecha de adquisición Número de inventario Total de préstamos Signatura topográfica completa Código de barras Fecha visto por última vez Precio válido a partir de Tipo de ítem Koha
      Excluido de préstamo Monografías: Libros y Folletos General General En catalogación 08.05.2014 LF1   43891-10 25.06.2020 25.06.2020 No se presta

Con tecnología Koha